| 000 | 02175nam a2200445 i 4500 | ||
|---|---|---|---|
| 001 | 193162 | ||
| 003 | SpMaBN | ||
| 005 | 20250825062646.0 | ||
| 007 | ta | ||
| 008 | 230915s2022 sp a | |||| 000 p spa | ||
| 015 | _aMON21 | ||
| 017 |
_aB 17904-2021 _bOficina Depósito Legal Barcelona |
||
| 020 | _a9788409349579 | ||
| 035 | _a(OCoLC)1322822314 | ||
| 035 | _aa7118328 | ||
| 040 |
_aSpMaBN _bspa _cSpMaBN _erda _dES-MaACL |
||
| 080 | _a7 Cabellut, Lita | ||
| 080 | _a821.134.2-14"19" | ||
| 100 |
_aSantiso, Javier, _d1969- _eaut _9234222 |
||
| 245 | 1 | 0 |
_a(A)mar / _cJavier Santiso, Lita Cabellut |
| 246 | 3 | _aAmar | |
| 246 | 3 | _aA mar | |
| 250 | _aPrimera edición: 2022 | ||
| 264 | 1 |
_aBarcelona : _bLa Cama Sol, _c2022 |
|
| 300 |
_a51 páginas : _bilustraciones (color) ; _c24 cm |
||
| 336 |
_aTexto _aImagen fija _2rdacontent |
||
| 337 |
_asin mediación _2rdamedia |
||
| 338 |
_avolumen _2rdacarrier |
||
| 500 | _aCopia 449 de 500 ejemplares | ||
| 520 | _aObra en torno a la vida y obra de Lita Cabellut, narrada y descrita por Javier Santiso. Así empieza: «Nací en una ciudad cerca del mar. Me pusieron un nombre breve. Apenas unas palabras del alfabeto. De pequeña soñaba que las galaxias se bañaban en mis venas. Con los años mi vida ha seguido creciendo. Se ha ido a todas partes. Se amplió hasta los muelles, y luego se fue más allá, hacia los pinares. Y de nuevo hasta las altas montañas, las de barba blanca, llenas de nieve. En cada silencio escuchaba la voz de mi padre que se acercaba. Con la mano rozaba las paredes. Sobre el muro pasaba la cuchilla de su piel y así sabía que se acercaba, por el ruido». | ||
| 655 | 7 |
_aPoesías _2tgfbne _9176539 |
|
| 655 | 7 |
_aLibros ilustrados _2tgfbne _9193653 |
|
| 700 | 1 |
_aCabellut, Lita, _d1961- _eill _9234223 |
|
| 852 |
_aES-MaACL _9200520 _jN-9380 _cDEPOJ _bR.154569 _hDonación: Javier Santiso _g449/500 _xEncuadernación rústica con solapas |
||
| 903 |
_aSantiso, Javier, _d1969- _ednr _9234222 |
||
| 942 |
_n0 _cMONOGRAFIA |
||
| 999 |
_c193162 _d193162 |
||